| 000 | 00744cam a2200193 4500 | ||
|---|---|---|---|
| 001 | X103082 | ||
| 008 | 000000n1999 000 0 eng u | ||
| 035 | _a(Sirsi) u103082 | ||
| 245 | _aGrammer v Lane | ||
| 260 | _c1999 | ||
| 490 |
_aNew Property Cases _v [1999] NPC 149, 27 November 1999 |
||
| 520 | _aCA 25 November 1999. Alleged misconduct by an arbitrator appointed under the Agricultural Holdings Act 1986 in deciding to await a court decision which was germane to his jurisdiction. TAKEN FROM JOURNAL HEADNOTE- NO PHOTOCOPYING ALLOWED. | ||
| 650 | _aGRAMMER V LANE | ||
| 650 | _aAGRICULTURAL HOLDINGS ACT 1986 | ||
| 650 | _aARBITRATION ACT 1996 | ||
| 650 | _aAGRICULTURE ACT 1947 | ||
| 690 | _aARBITRATION-CASE LAW | ||
| 942 | _n0 | ||
| 999 |
_c61950 _d61950 |
||